| 000 | 00513nam a2200133Ia 4500 | ||
|---|---|---|---|
| 008 | 220216s9999 xx 000 0 und d | ||
| 100 | _aSankariammal L | ||
| 245 | 0 | _aYield and growth of hybrids evolved from crosses between the popular clone RRII 105 and wild germplasm in rubber (Hevea brasiliensis) | |
| 260 | _bProceedings of the Golden Jubilee International Symposium, 7-9 July 2010, Assumption College, Changanacherry | ||
| 700 | _aMydin K K | ||
| 700 | _aThomas V | ||
| 700 | _aVarghese Y A | ||
| 942 | _cBS | ||
| 999 |
_c53131 _d53131 |
||